00777nam a22002057a 4500999001900000003000500019005001700024008004100041020001500082038001500097082001200112100003500124245015300159260003700312300003300349650004500382700003500427942001300462952009600475 c526474d526474NUST20190712100748.0190712b ||||| |||| 00| 0 eng d qHardcover. aMr. Zahoor a620.005 aTahir, Muhammad Rohail 917482 aThe Impact of Emotional Intelligence (E1) And Altruism on Turnover Intentions (T1), A Study On A Public Sector Organization /cMuhammad Rohail Tahir aIslamabad :bCEME - NUST,c2018. axiii, 101 p. : ill. ;c30cm. aEngineering Managment - MS Thesis916311 aDr. Fahim Qaisar Jamal 917484 2ddccTHE 00102ddc4070aCLbCLcTHEd2019-07-12l0o620.005pCL-T-199r2019-07-14w2019-07-12yTHE